000 00544nam a2200169Ia 4500
008 090711s9999 xx 000 0 und d
082 _b78941
100 _aबर्वे वंदना
245 _aघरगुती उपकरणे
260 _bशब्दाली प्रकाशन
_c1995
300 _a55
600 _aबर्वे वंदना
630 _aघरगुती उपकरणे
700 _aबर्वे वंदना
730 _aघरगुती उपकरणे
942 _cBOOK
999 _c290875
_d290875